000
00355nam a22001577a 4500
005
20231207155959.0
008
231207b |||||||| |||| 00| 0 eng d
082
_a
891.4
_b
KAM
100
_a
Kamal,din
245
_a
Nakash i Kadam
250
_a
1st ed.
260
_a
Karachi
_b
Jamia Islamia
300
_a
453
650
_a
Literature/Urdu
999
_c
34838
_d
34838